000 00627nam a2200193 i 4500
001 23795
003 ES-MaACL
005 20230906152933.0
007 t|
008 021212s1942 ag ||||1| spa d
100 1 _aAnderson, Sherwood.
_921470
245 1 4 _aLas novelas de lo grotesco /
_cSherwood Anderson ; prólogo de Max Dickmann ; traducción de Armando Ros.
260 _aBuenos Aires :
_bSantiago Rueda,
_c[1942] (
_fB.U. Chiesino)
300 _a303 p. ;
_c20 cm.
700 1 _aDickmann, Max.
_944497
700 1 _aRos, Armando.
_999567
852 _aES-MaACL
_jD-6992
_bR.29614
852 _aES-MaACL
_jD-6349
_bR.30605
999 _c23795
_d23795